Top 100 Premier League Goalscorers - Statistics

General Stats
  • This quiz has been taken 176 times
  • The average score is 54 of 100
Answer Stats
#Goals Nationality Player % Correct
213 ENG Harry Kane
100%
180 EGY Mohamed Salah
98%
208 ENG Wayne Rooney
97%
184 ARG Sergio Aguëro
96%
126 KOR Son Heung-Min
96%
260 ENG Alan Shearer
95%
175 FRA Thierry Henry
93%
103 POR Cristiano Ronaldo
92%
177 ENG Frank Lampard
92%
104 CIV Didier Drogba
90%
82 NOR Erling Haaland
90%
111 SEN Sadio Mané
90%
120 ENG Steven Gerrard
89%
121 BEL Romelu Lukaku
88%
144 NLD Robin Van Persie
87%
109 WAL Ryan Giggs
87%
126 IRL Robbie Keane
85%
187 ENG Andrew Cole
83%
70 BEL Kevin De Bruyne
83%
95 NLD Ruud Van Nistelrooy
82%
123 ENG Raheem Sterling
79%
143 ENG Jamie Vardy
78%
95 BEL Eden Hazard
77%
69 URU Luis Suárez
77%
107 ENG Paul Scholes
77%
150 ENG Michael Owen
75%
123 TRI Dwight Yorke
73%
85 SPA Fernando Torres
70%
69 GAB Pierre-Emerick Aubameyang
70%
63 CHL Alexis Sánchez
69%
162 ENG Jermain Defoe
69%
82 BRA Roberto Firmino
68%
125 FRA Nicolas Anelka
67%
82 ALG Riyad Mahrez
67%
94 BGR Dimitar Berbatov
66%
62 ENG David Beckham
64%
163 ENG Robbie Fowler
64%
60 SPA David Silva
63%
87 NLD Dennis Bergkamp
62%
87 NZE Chris Wood
61%
91 NOR Ole Gunnar Solskjaer
61%
146 ENG Teddy Sheringham
61%
97 TGO Emmanuel Adebayor
60%
87 ENG Marcus Rashford
59%
90 FRA Olivier Giroud
57%
108 ENG Peter Crouch
57%
76 BRA Gabriel Jesus
55%
127 NLD Jimmy Floyd Hasselbaink
55%
149 ENG Les Ferdinand
55%
113 ENG Ian Wright
52%
62 CIV Yaya Touré
52%
59 POR Bruno Fernandes
50%
84 ARG Carlos Tevez
50%
57 USA Clint Dempsey
50%
70 FRA Eric Cantona
50%
61 ENG Phil Foden
50%
110 ENG Emile Heskey
49%
106 ENG Darren Bent
48%
59 ITA Gianfranco Zola
47%
92 AUS Mark Viduka
47%
62 POR Diogo Jota
45%
67 ICE Gylfi Sigurdsson
45%
100 ENG Matthew Le Tissier
43%
68 JAM Michail Antonio
42%
111 ENG Dion Dublin
41%
70 ENG Ollie Watkins
41%
62 FRA Robert Pirès
41%
76 ENG Daniel Sturridge
40%
57 AUS Harry Kewell
40%
80 ENG Theo Walcott
40%
81 WAL Craig Bellamy
39%
88 ENG Callum Wilson
37%
92 ENG Kevin Phillips
37%
63 FRA Anthony Martial
36%
73 ENG Danny Welbeck
36%
95 NIG Yakubu
34%
62 BRA Richarlison
33%
86 BEL Christian Benteke
32%
80 WAL Gary Speed
32%
66 ITA Paolo Di Canio
30%
85 FRA Louis Saha
28%
64 WAL Mark Hughes
27%
83 ENG Chris Sutton
26%
72 ENG Danny Ings
26%
91 ENG James Beattie
26%
68 SCO Duncan Ferguson
25%
74 ENG Gabriel Agbonlahor
23%
59 IRL Niall Quinn
20%
62 ENG Stan Collymore
20%
68 CIV Wilfried Zaha
20%
57 ENG Dominic Calvert-Lewin
19%
88 ENG Kevin Davies
19%
83 ENG Kevin Campbell
17%
69 ENG Kevin Nolan
14%
58 ENG Peter Beardsley
13%
78 ENG Tony Cottee
13%
71 ENG Brian Deane
12%
71 ENG Chris Armstrong
12%
63 ENG Dean Holdsworth
9%
57 ENG Lee Bowyer
7%
No matching quizzes found
Score Distribution
Percent of People with Each Score
Percentile by Number Answered
Your Score History
You have not taken this quiz